00494nam a22001811a 45000010005000000030004000050050017000090080041000260500021000670820021000881000020001092450067001292640026001963000011002225000019002336500025002527000035002772914OSt20260204211830.0040429s(199||||dr ||||||b||||||||||spa|| aRD 658.566 D826a aRD 658.566 D826a aDreyfus, Carlos aAnálisis cuantitavo aplicado a los negocios / Carlos Dreyfus aSanto Domingo : (S.N) a674 p. aIncluye indice a1.Control de Calidad aFernández, Juan FranciscoÌ